000 00690nam a2200289Ia 4500
005 20260324141601.0
008 008 260324s9999 xx 000 0 eng d
020 _a9780429301384
037 _aEBOOK
040 _aCRL
040 _beng
040 _cCRL
041 _2eng
041 _aeng
084 _qCRL
100 _aAnne Allison
_91208732
245 0 _aPermitted And Prohibited Desires
245 0 _bMothers, Comics, And Censorship In Japan
260 _bTaylor and Francis
260 _c1996
365 _a
365 _b230
856 _uhttp://www.taylorfrancis.com/books/9780429301384
942 _cEBOOK
999 _c1811988
_d1811988